000 00691nam a2200229 a 4500
001 000005392
003 DO-SdBNP
005 20170713115050.0
007 000005390
008 090819s1991 sp a 000 0 spa d
020 _a8439286546
040 _aBPMSU
_bspa
_cBPMSU
100 1 _aRodríguez, Pedro Andrés
245 1 3 _aEl libro de la selva /
_cRudyard Kinpling; Pdro Andrés Rodríguez
260 _a[Madríd ] :
_bEdiciones Gaviota,
_c1991
300 _a81 p. :
_bil.,
_c20 cm.
490 1 _aGaviota -Junior (minilibros Disney)
700 _a Kinpling, Rudyard
830 0 _aGaviota -Junior
_pMinilibros Disney
942 _2ddc
_cBK
956 _aVMATEO
_b10
_c20160331
_lBPMSU
_h0069
999 _c12580
_d12580